000 00727nam a2200229 a 4500
999 _c4047
_d4047
001 4047
003 BD-JhCC
005 20171123120933.0
008 171122s2005 bg |||| ||a| 000 0 ben d
020 _a9844018382
035 _a(BD-JhCC)4047
040 _aBD-JhCC
_dBD-JhCC
041 _aben
082 _a891.4415
_bDUI 2005
245 _aদুই বাংলার কবিতায় বঙ্গবন্ধু /
_cআখতার হুসেন সম্পাদিত
260 _aঢাকা :
_bআগামী প্রকাশনী,
_c২০০৫.
300 _a215 p. :
_c22 cm.
650 _aCollections of poems
700 _a হুসেন, আখতার
942 _2ddc
_cBK